Loading...

Distribution and nutritional value of wild edible dioscoreas of vazhachal forest division

Bibliographic Details
Main Author: Narayanan Akhil
Format: Report
Language:Undetermined
Published: 2012
LEADER 00517nam a2200169Ia 4500
008 141004s9999 xx 000 0 und d
040 |c a 
041 |a English 
082 |a PR 
082 |b AKH 
100 |a Narayanan Akhil 
245 |a Distribution and nutritional value of wild edible dioscoreas of vazhachal forest division 
245 |c Narayanan Akhil 
260 |c 2012 
942 |c PR 
999 |c 175725  |d 175725 
952 |0 0  |1 0  |4 0  |6 PR_AKH  |7 0  |9 180698  |a KAUCOF  |b KAUCOF  |o PR AKH  |p KAU_COF-PR-226   |r 2014-10-04  |w 2014-10-04  |y PR